| 000 | 00450nam a2200157Ia 4500 | ||
|---|---|---|---|
| 008 | 220204s9999 xx 000 0 und d | ||
| 082 |
_a581.5:934 _bGAD |
||
| 100 | _aGadgil, Madhav | ||
| 245 | 0 | _aThis fissured land : An ecological history of India | |
| 260 |
_aDelhi _bOxford University Press _c1993 |
||
| 650 | _aGeological history | ||
| 650 | _aHuman history | ||
| 650 | _aWild life conservation | ||
| 700 | _aGuha, Ramachandra | ||
| 942 | _cBK | ||
| 999 |
_c40825 _d40825 |
||